00390nam a2200157Ia 45000010006000000050017000060080041000230410008000640820015000721000025000872450067001122600009001793000028001886500008002166540008002241870420260306171650.0260306s9999||||xx |||||||||||||| ||und|| aESP a658.5bC13 aCabeza, DomingoeAUT 0aLogística inversa en la gestión de la cadena de suministro c2012 a148 páginas :c24 cm. aGEN aCAN